000 00422nam a2200157Ia 4500
008 090123s9999 xx 000 0 und d
082 _b23
_a891.463/देसाई
100 _aदेसाई रणजित
245 _aबारी
250 _a0
600 _aदेसाई रणजित
630 _aबारी
700 _aदेसाई रणजित
730 _aबारी
942 _cBOOK
999 _c38113
_d38113